[Event "aston294"]
[Site "SchemingMind.com"]
[Date "2011.05.30"]
[Round "-"]
[White "Coretismo"]
[Black "Naoki_M"]
[Result "1-0"]
[WhiteCountry "ENG"]
[BlackCountry "JPN"]
[WhiteElo "2050"]
[WhiteRD "104"]
[BlackElo "1634"]
[BlackRD "79"]
[GameID "285026"]

1. c4 c5 2. Nf3 Nf6 3. Nc3 Nc6 4. d4 e6 5. e4 cxd4 6. Nxd4 Bb4 7. f3 O-O 8. Nxc6 bxc6 9. e5 Ne8 10. Qd4 a5
11. Be3 d5 12. exd6 Nxd6 13. O-O-O Qc7 14. Bf4 Rd8 15. c5 Bxc5 16. Qxc5 Qa7 17. Qxa7 Rxa7 18. Rxd6 Rxd6 19. Bxd6 f5 20. Bc4 Kf7
21. f4 h6 22. Bc5 Ra8 23. Rd1 Ke8 24. Rd6 Bd7 25. Bxe6 Bxe6 26. Rxe6+
1-0

[Event "aston294"]
[Site "SchemingMind.com"]
[Date "2011.05.30"]
[Round "-"]
[White "Naoki_M"]
[Black "Coretismo"]
[Result "0-1"]
[WhiteCountry "JPN"]
[BlackCountry "ENG"]
[WhiteElo "1634"]
[WhiteRD "79"]
[BlackElo "2050"]
[BlackRD "104"]
[GameID "285029"]

1. d4 Nf6 2. c4 g6 3. Nc3 d5 4. Nf3 Bg7 5. Bg5 Ne4 6. e3 Bg4 7. Be2 Bxf3 8. Nxe4 Bxe2 9. Qxe2 dxe4 10. Rd1 c5
11. d5 Qa5+ 12. Kf1 Nd7 13. Ra1 Ne5 14. f4 Nd3 15. g3 Bxb2 16. Kg2 Bxa1 17. Rxa1 Qc3 18. Qf1 f6 19. Bh6 Kf7 20. h4 Qxc4
21. a4 Qxd5 22. g4 Rac8 23. f5 c4 24. Bf4 c3 25. fxg6+ hxg6 26. Kh3 c2
0-1

[Event "aston294"]
[Site "SchemingMind.com"]
[Date "2011.06.05"]
[Round "-"]
[White "John Hamer"]
[Black "emvarela"]
[Result "1-0"]
[WhiteCountry "ENG"]
[BlackCountry "ARG"]
[WhiteElo "2038"]
[WhiteRD "63"]
[BlackElo "1785"]
[BlackRD "50"]
[GameID "285587"]

1. e4 e5 2. Bc4 Nf6 3. Nc3 Nc6 4. Nf3 Nxe4 5. Bxf7+ Kxf7 6. Nxe4 d5 7. Ng3 e4 8. Ng1 Bc5 9. d3 Rf8 10. dxe4 Qf6
11. Qxd5+ Be6 12. Qxc5 Kg6 13. Qh5#
1-0

[Event "aston294"]
[Site "SchemingMind.com"]
[Date "2011.06.05"]
[Round "-"]
[White "emvarela"]
[Black "John Hamer"]
[Result "1-0"]
[WhiteCountry "ARG"]
[BlackCountry "ENG"]
[WhiteElo "1750"]
[WhiteRD "48"]
[BlackElo "2011"]
[BlackRD "67"]
[GameID "285596"]

1. d4 a6 2. c4 Nf6 3. Nc3 c5 4. d5 b5 5. cxb5 axb5 6. e4 b4 7. Nb5 d6 8. Bc4 Nbd7 9. f3 Nb6 10. b3 Nxc4
11. bxc4 e5 12. a3 Bd7 13. Bb2 bxa3= 14. Rxa3 Rb8 15. Qa4 Be7 16. Qa5 Qxa5+ 17. Rxa5 O-O 18. Bc3 Bd8 19. Ra6 Bxb5 20. cxb5
1-0

[Event "aston294"]
[Site "SchemingMind.com"]
[Date "2011.07.22"]
[Round "-"]
[White "holandes"]
[Black "concave"]
[Result "0-1"]
[WhiteCountry "POR"]
[BlackCountry "GER"]
[WhiteElo "1504"]
[WhiteRD "121"]
[BlackElo "2187"]
[BlackRD "90"]
[GameID "288936"]

1. d4 Nf6 2. c4 e6 3. Nf3 b6 4. Nc3 Bb4 5. e3 Bb7 6. Bd3 O-O 7. Bd2 d5 8. e4 Bxc3 9. Bxc3 dxe4 10. Bxe4 Nxe4
11. O-O c5 12. dxc5 Qxd1 13. Rfxd1 Nxc3 14. bxc3 Bxf3 15. gxf3 bxc5 16. Rab1 Nc6 17. Rb5 Ne5 18. Rxc5 Nxf3+ 19. Kg2 Nh4+ 20. Kg1 Rfc8
21. Rh5 Rxc4 22. Rd3 Rac8 23. h3 Nf5 24. Rg5 Rxc3 25. Rd7 h6 26. Rg2 Rxh3 27. Rh2 Ra3 28. f3 Rc1+ 29. Kg2 Rc2+ 30. Kg1 Rxh2
31. Kxh2 Rxa2+ 32. Kh3 a5
0-1

[Event "aston294"]
[Site "SchemingMind.com"]
[Date "2011.07.22"]
[Round "-"]
[White "concave"]
[Black "holandes"]
[Result "1-0"]
[WhiteCountry "GER"]
[BlackCountry "POR"]
[WhiteElo "2200"]
[WhiteRD "89"]
[BlackElo "1506"]
[BlackRD "117"]
[GameID "288941"]

1. e4 e5 2. Nf3 f5 3. Bc4 Nc6 4. d3 Nf6 5. O-O d5 6. exd5 Nxd5 7. Re1 Qd6 8. Nc3 Be7 9. Nxd5 Bf6 10. Nxe5 Nxe5
11. d4 c6 12. dxe5 Bxe5 13. Bf4 cxd5 14. Bxe5
1-0

[Event "aston294"]
[Site "SchemingMind.com"]
[Date "2011.08.13"]
[Round "-"]
[White "Mark Miller"]
[Black "Coretismo"]
[Result "1-0"]
[WhiteCountry "ENG"]
[BlackCountry "ENG"]
[WhiteElo "1933"]
[WhiteRD "115"]
[BlackElo "1965"]
[BlackRD "95"]
[GameID "290550"]

1. e4 e5 2. Nf3 Nc6 3. d4 exd4 4. Nxd4 Nf6 5. Nxc6 bxc6 6. Bd3 d5 7. exd5 cxd5 8. O-O Be7 9. Re1 O-O 10. Bf4 Be6
11. Nd2 a5 12. Nf3 Nh5 13. Be5 g6 14. Nd4 Bd7 15. Bxc7 Qxc7 16. Rxe7 Rfe8 17. Rxd7 Qxd7 18. Bb5 Qd6 19. Bxe8 Rxe8 20. Qd2 Qe5
21. g3 Nf6 22. f3 Nd7 23. Rd1 Qc7 24. a3 Qb6 25. b4 axb4 26. axb4 Ne5 27. Qe3 Kf8 28. b5 Nc4 29. Qc3 Re3 30. Qb4+ Kg7
31. Kg2 Qf6 32. Qc5 Rc3 33. Kg1 Qe5 34. Kh1 Re3 35. Qb4 Qf6 36. f4 h5 37. Qc5 Qe7 38. Qxe7 Rxe7 39. f5 g5 40. Rb1 Ra7
41. h3 Kf6 42. Kg1 Nd6 43. g4 hxg4 44. hxg4 Rb7 45. Rb4 Ke5 46. Kf2 Ne4+ 47. Ke3 Kd6 48. Nb3 Nf6 49. Kd3 Rb8 50. c3 Rb7
51. Kc2 Rb8 52. Kb2 Rb7 53. Na5 Rb6 54. Ka3 Ne4 55. c4 f6 56. cxd5 Kxd5 57. Nc4 Rb8 58. Ne3+ Ke5 59. b6 Nd6 60. Kb3 Rb7
61. Nc4+ Kd5 62. Nxd6 Kxd6 63. Kc4 Kc6 64. Rb3
1-0

[Event "aston294"]
[Site "SchemingMind.com"]
[Date "2011.08.13"]
[Round "-"]
[White "Coretismo"]
[Black "Mark Miller"]
[Result "1-0"]
[WhiteCountry "ENG"]
[BlackCountry "ENG"]
[WhiteElo "2053"]
[WhiteRD "94"]
[BlackElo "1848"]
[BlackRD "116"]
[GameID "290556"]

1. c4 e5 2. Nc3 Nf6 3. Nf3 Nc6 4. g3 d5 5. cxd5 Nxd5 6. Bg2 Nxc3 7. bxc3 e4 8. Ng1 f5 9. Nh3 Bd6 10. O-O O-O
11. d4 exd3 12. exd3 Qf6 13. Qb3+ Kh8 14. Bg5 Qg6 15. Bf4 a5 16. a4 Qe6 17. Bd5 Qf6 18. Rfe1 Bxf4 19. Nxf4 Ra6 20. Ne6 Bxe6
21. Rxe6 Qd8 22. Rae1 Rb6 23. Qc4 Qd7 24. Qc5 Rd8 25. Bc4 Rb2 26. Qxf5 Rc2 27. Qe4 Rf8 28. f3 g5 29. Bb5 Rxc3 30. Bxc6 bxc6
31. Re7 Qf5 32. Qd4+ Qf6 33. Qxf6+ Rxf6 34. Rxc7 Kg8 35. Re8+ Rf8 36. Ree7 Rc1+ 37. Kg2 Rc2+ 38. Kh3 Rxf3 39. Rg7+ Kf8 40. Rxh7 Kg8
41. Rcg7+ Kf8 42. Ra7 Kg8 43. Rhg7+ Kf8 44. Rgd7 Re3 45. Rxa5 g4+ 46. Kxg4 Rxh2 47. Ra8+ Re8 48. Rxe8+ Kxe8 49. Rd6 Ra2 50. Rxc6 Rxa4+
51. Rc4 Rxc4+ 52. dxc4
1-0

[Event "aston294"]
[Site "SchemingMind.com"]
[Date "2011.08.14"]
[Round "-"]
[White "Tuisceanach44"]
[Black "emvarela"]
[Result "1-0"]
[WhiteCountry "IRL"]
[BlackCountry "ARG"]
[WhiteElo "1948"]
[WhiteRD "74"]
[BlackElo "1774"]
[BlackRD "47"]
[GameID "290680"]

1. d4 Nf6 2. Nf3 d5 3. e3 e6 4. Bd3 c5 5. b3 cxd4 6. exd4 Nc6 7. a3 Bd6 8. Bb2 Qe7 9. Qe2 O-O 10. O-O Re8
11. Ne5 Bxe5 12. dxe5 Nd7 13. Nd2 a6 14. c4 dxc4 15. Nxc4 b5 16. Nd6 Rd8 17. Qe4 g6 18. Qxc6
1-0

[Event "aston294"]
[Site "SchemingMind.com"]
[Date "2011.08.14"]
[Round "-"]
[White "emvarela"]
[Black "Tuisceanach44"]
[Result "0-1"]
[WhiteCountry "ARG"]
[BlackCountry "IRL"]
[WhiteElo "1787"]
[WhiteRD "47"]
[BlackElo "1990"]
[BlackRD "73"]
[GameID "290687"]

1. e4 e6 2. d4 d5 3. Nc3 Bb4 4. e5 c5 5. a3 Bxc3+ 6. bxc3 Ne7 7. Qg4 O-O 8. Bd3 Nbc6 9. Nf3 f5 10. exf6 Rxf6
11. Bg5 e5 12. Qh4 e4 13. Bxf6 gxf6 14. Bxe4 dxe4 15. Qxe4 Bf5 16. Qe2 Qa5 17. Qc4+ Kg7 18. O-O Bxc2 19. dxc5 Rd8 20. Qg4+ Bg6
21. Rfd1 Rxd1+ 22. Rxd1 Qxc3 23. h4 Qxc5 24. Rd7 h5 25. Qg3 b6 26. Qf4 Be8 27. Qg3+ Kf7 28. Rc7 Qc1+ 29. Kh2 Qb2 30. Qf4 Qxa3
0-1

[Event "aston294"]
[Site "SchemingMind.com"]
[Date "2011.10.06"]
[Round "-"]
[White "concave"]
[Black "SittingBull"]
[Result "1-0"]
[WhiteCountry "GER"]
[BlackCountry "CAN"]
[WhiteElo "2198"]
[WhiteRD "102"]
[BlackElo "1818"]
[BlackRD "72"]
[GameID "294721"]

1. e4 e6 2. d4 d5 3. Nc3 Bb4 4. e5 c5 5. a3 Bxc3+ 6. bxc3 Ne7 7. Nf3 Nbc6 8. Bd3 Bd7 9. O-O Qc7 10. a4 c4
11. Be2 O-O-O 12. Ba3 Rdg8 13. a5 a6 14. Bd6 Qd8 15. Qc1 Nf5 16. Bc5 h5 17. Qb2 Kb8 18. Rfb1 Bc8 19. Qc1 g5 20. Rb6 g4
21. Nd2 h4 22. Qb2 Qg5 23. Rb1 Nd8 24. Qb4 Qxd2 25. Bd6+ Nxd6 26. Qxd6+
1-0

[Event "aston294"]
[Site "SchemingMind.com"]
[Date "2011.10.06"]
[Round "-"]
[White "SittingBull"]
[Black "concave"]
[Result "0-1"]
[WhiteCountry "CAN"]
[BlackCountry "GER"]
[WhiteElo "1832"]
[WhiteRD "69"]
[BlackElo "2192"]
[BlackRD "99"]
[GameID "294724"]

1. e4 c5 2. Nf3 d6 3. d4 cxd4 4. Nxd4 Nf6 5. Nc3 a6 6. Bg5 e6 7. f4 h6 8. Bh4 Be7 9. Bf2 Qc7 10. Qd2 b5
11. O-O-O b4 12. Nce2 Nxe4 13. Qe3 Nxf2 14. Qxf2 Bb7 15. Rg1 Nc6 16. g4 d5 17. Qg3 Nxd4 18. Nxd4 Bd6
0-1

[Event "aston294"]
[Site "SchemingMind.com"]
[Date "2012.01.06"]
[Round "-"]
[White "Mark Miller"]
[Black "Tuisceanach44"]
[Result "1-0"]
[WhiteCountry "ENG"]
[BlackCountry "IRL"]
[WhiteElo "1996"]
[WhiteRD "115"]
[BlackElo "1753"]
[BlackRD "61"]
[GameID "300717"]

1. e4 e6 2. d4 d5 3. Nc3 Bb4 4. e5 c5 5. Qg4 Ne7 6. Qxg7 Rg8 7. Qxh7 cxd4 8. a3 Qa5 9. axb4 Qxa1 10. Nce2 Nbc6
11. Nf3 Bd7 12. b5 Nb4 13. Nfxd4 Qb1 14. Kd1 Na2 15. Qh6 Rc8 16. Qd2 Ng6 17. f4 Nxc1 18. Qxc1 Qxc1+ 19. Kxc1 Ke7 20. h4 f6
21. exf6+ Kxf6 22. g4 Nxf4 23. Nxf4 Rxg4 24. Ndxe6
1-0

[Event "aston294"]
[Site "SchemingMind.com"]
[Date "2012.01.06"]
[Round "-"]
[White "Tuisceanach44"]
[Black "Mark Miller"]
[Result "0-1"]
[WhiteCountry "IRL"]
[BlackCountry "ENG"]
[WhiteElo "1753"]
[WhiteRD "61"]
[BlackElo "1996"]
[BlackRD "115"]
[GameID "300721"]

1. d4 d5 2. Nf3 Bf5 3. c4 e6 4. cxd5 exd5 5. Qb3 b6 6. Nc3 Nf6 7. Bg5 c6 8. Ne5 Be7 9. f3 O-O 10. h4 h6
11. Bd2 Nh5 12. O-O-O Ng3 13. Rh2 Bxh4 14. e3 Nxf1 15. Rxf1 Bg3 16. Rh5 Be6 17. f4 Bh4 18. Rh1 Bf6 19. Ne2 Bxe5 20. fxe5 Bg4
0-1